000 01568cam a2200133 4500500
005 20251214001510.0
041 _afre
042 _adc
100 1 0 _aBoulanger, Philippe
_eauthor
245 0 0 _aPlanète médias : Géopolitique des réseaux et de l'influence
260 _bArmand Colin,
_c2021.
520 _aOutils d’intelligence collective et collaborative, mais aussi de contrôle, d’influence et de domination, les médias jouent un rôle aujourd’hui incontournable sur la scène géopolitique mondiale. Domination des grands groupes industriels du Global media, traitement médiatique permanent des crises et des conflits, fake news et influence des réseaux sociaux dans la sphère politique… le soft power médiatique constitue une grille de lecture décisive pour comprendre les mutations et les évolutions contemporaines.Comment mesurer l’impact de la globalisation des médias sur la recomposition des interdépendances entre sociétés  ? Quels sont les rapports entre mondialisation, rivalités de pouvoir et médias, révélant à la fois la prédominance américaine et les utilisations mises en œuvre par les pays émergents  ? Quel rôle les médias jouent-ils dans les relations internationales et les conflits, depuis leur exploitation dans le champ d’action militaire aux nouvelles rivalités du cyberespace  ? Telles sont l’ensemble des questions abordées par cet ouvrage. 
856 4 1 _uhttps://shs.cairn.info/planete-medias-geopolitique-des-reseaux-et-de-l-in--9782200631383?lang=fr&redirect-ssocas=7080
999 _c1566208
_d1566208